Người tị nạn Văn xuôi và thơ

Đã lưu trong:
書目詳細資料
主要作者: Lê Vĩnh Ho
格式: 圖書
語言:Vietnamese
出版: H. Văn học 1985
版:In lần thứ ba có bổ sung
叢編:Văn học hiện đại Việt Nam
主題:
標簽: 添加標簽
沒有標簽, 成為第一個標記此記錄!
Thư viện lưu trữ: Mạng thư viện Đại học Đà Nẵng
LEADER 01182nam a2200373 4500
001 000005416
003 1560
005 20120416080459.0
008 110816s1985 viesd
020 |c 8000đ 
041 0 |a vie 
082 |a 895.9228  |b LE-H 
100 0 |a Lê Vĩnh Hoà 
245 0 |a Người tị nạn  |b Văn xuôi và thơ  |c Lê Vĩnh Hoà 
250 |a In lần thứ ba có bổ sung 
260 |a H.  |b Văn học  |c 1985 
300 |a 319 tr.  |c 19 cm. 
490 |a Văn học hiện đại Việt Nam 
653 |a Văn học hiện đại 
653 |a Tuỳ bút 
653 |a truyện ngắn 
653 |a Việt Nam 
653 |a Thơ 
910 |a Huỳnh Thị Cẩm Lai  |d 16/08/2011 
OWN |a LSP 
AVA |a UDN50  |b LSP  |d 895.9228 LE-H  |e unavailable  |t Error 5002 Not defined in file expand_doc_bib_avail.  |f 1  |g 1  |h N  |i 0  |k 1 
999 |a From the UDN01 
AVA |a UDN50  |b LSP  |d 895.9228 LE-H  |e unavailable  |t Error 5002 Not defined in file expand_doc_bib_avail.  |f 1  |g 1  |h N  |i 0  |k 1 
TYP |a Monograph 
TYP |a Printed language 
980 |a Mạng thư viện Đại học Đà Nẵng